| 000 | 00406nam a22001577a 4500 | ||
|---|---|---|---|
| 020 | _a9789332559592 | ||
| 040 | _cNUST | ||
| 082 | _a005.133-C++ DEI | ||
| 100 | _aDeitel, Paul | ||
| 110 |
_aDeitel, Harvey _991707 |
||
| 245 | _aC++ How to Program | ||
| 250 | _a9th Edition | ||
| 260 |
_aNew Delhi: _bPearson Education, _c2016. |
||
| 650 |
_aDEE TEXTBOOK. C++ HOW TO PROGRAM _991778 |
||
| 942 |
_2ddc _cTEXT |
||
| 999 |
_c589909 _d589909 |
||